| 000 | 01860nam a22001577a 4500 | ||
|---|---|---|---|
| 041 | _aukr | ||
| 080 | _a09 | ||
| 090 | _bХОМ | ||
| 100 | _aХоменко О. А. | ||
| 245 | _aЗастосування пісенних автентичних матеріалів для формування комунікативної компетенції на старшому етапі вивчення англійської мови | ||
| 260 |
_aОстрог _bКАФ _c2003 |
||
| 300 | _a52 | ||
| 520 |
_aРозділ 1. Комунікативний підхід у вивченні іноземної мови.
1.1. Поняття комунікативної компетенції та її компетенції.
1.2. Основні принципи комунікативно орієнтованого викладання іноземних мов.
Розділ 2. Роль пісенних автентичних матеріалів у формуванні комунікативної компетенції на старшому етапі вивчення іноземної мови.
2.1. Види автентичних джерел.
2.2. Психологічні особливості сприйняття пісенних автентичних матеріалів на підлітковому етапі.
Розділ 3. Методика використання пісенних автентичних джерел для розвитку комунікативної компетенції на старшому етапі вивчення іноземної мови.
3.1. Основні принципи використання пісенних автентичних матеріалів.
3.2. Комплекси вправ. _0Комунікація, вивчення, методика. |
||
| 650 | _aResearch Papers | ||
| 999 |
_c281836 _d281836 |
||
| 942 | _cBK | ||